Statistics for Musical Acts by Letter - G

Click here to take the quiz!

General Stats

  • This quiz has been taken 51,215 times
    (16,840 since last reset)
  • The average score is 9 of 18

Answer Stats

Years ActiveCountrySongsBand or Artist% Correct
1990 -American Idiot | Boulevard of Broken DreamsGreen Day
88%
1987 -Sweet Child o' Mine | November RainGuns n' Roses
86%
1987 - 2016Faith | Careless WhisperGeorge Michael
80%
2004 -Hollaback Girl | The Sweet EscapeGwen Stefani
79%
2003 - Somebody That I Used to Know | Eyes Wide OpenGotye
72%
2000 -Feel Good, Inc. | Clint EastwoodGorillaz
71%
1975 -I Will Survive | I Am What I AmGloria Gaynor
66%
1987 -Iris | SlideGoo Goo Dolls
57%
1968 - 2001My Sweet Lord | Got My Mind Set on YouGeorge Harrison
51%
1969 - 2007Land of Confusion | Invisible TouchGenesis
42%
1989 -Friends in Low Places | The DanceGarth Brooks
41%
1984 - Conga | Words Get in the WayGloria Estefan
33%
1995 -Stupid Girl | Only Happy When It RainsGarbage
30%
1965 -American Woman | These EyesThe Guess Who
24%
1935 - 1944In the Mood | Moonlight SerenadeGlenn Miller
23%
1966 -The Wreck of the Edmund Fitzgerald | SundownGordon Lightfoot
21%
1967 - 1995Sugar Magnolia | Casey JonesThe Grateful Dead
17%
2005 -Wake Up in the Sky | I Get the BagGucci Mane
14%

Score Distribution

Percentile by Number Answered

Percent of People with Each Score

Your Score History

You have not taken this quiz since the last reset